Catalog

Record Details

Catalog Search



Like, follow, subscribe : influencer kids and the ... Read More

Available copies

  • 1 of 1 copy available at LARL/NWRL Consortium.
  • 1 of 1 copy available at Lake Agassiz Regional Library. (Show preferred library)

Current holds

0 current holds with 1 total copy.

Show Only Available Copies
Location Call Number / Copy Notes Barcode Shelving Location Status Due Date
Detroit Lakes Public Library 302.231 LAT (Text) 33500014414601 New Available -

Record details

  • ISBN: 9781668080504
  • ISBN: 1668080508
  • Physical Description: xii, 274 pages ; 24 cm
  • Edition: First Gallery Books hardcover edition
  • Publisher: New York : Gallery Books, 2026

Content descriptions

Bibliography, etc. Note:
Includes bibliographical references (pages ... Read More
Formatted Contents Note:
Introduction -- 1. Dear diary, meet the algorithm ... Read More
Summary, etc.:
"A searing investigation into the child influencer ... Read More
In Like, Follow, Subscribe, journalist Fortesa ... Read More
Subject: Child labor.
Fame > Social aspects.
Internet and children.
Internet personalities.
Parental influences.
Social media.
Vloggers.
Bloggers.
Child rearing.
Internet personalities.
Parenting.
Social media.
social media.
FAMILY & RELATIONSHIPS / Dysfunctional Families.
SOCIAL SCIENCE / Popular Culture.
TECHNOLOGY & ENGINEERING / Social Aspects.
Internet personalities.
Child rearing.
Parenting.
Genre: Informational works.
Informational works.
LDR 04757cam a2200853 i 4500
001486134
003LARL_NWRL_CONSORTIUM
00520260610144612.0
008260223t20262026nyu b 001 0 eng d
040 . ‡aUKMGB ‡beng ‡erda ‡cUKMGB ‡dOCLCO ‡dIG# ‡dUAG ‡dGO4 ‡dJQM ‡dDCB ‡dIUK ‡dJTH ‡dOCLCO ‡dGO3 ‡dJQF ‡dVP@ ‡dOCLCO ‡dSDD ‡dDAC ‡dHQC ‡dMWD ‡dCHILD ‡dOCLCQ ‡dYDX ‡dORE ‡dOCLCO ‡dPZY ‡dMTG ‡dOCO ‡dOCLCO ‡dWSL
015 . ‡aGBC6032700 ‡2bnb
0167 . ‡a300698096 ‡2Uk
020 . ‡a9781668080504 ‡q(hardcover)
020 . ‡a1668080508 ‡q(hardcover)
0248 . ‡aCIPO000356852
035 . ‡a(OCoLC)1523197049
0410 . ‡aeng
08204. ‡a302.23/1083 ‡223
08204. ‡a004.67/8 ‡223
1001 . ‡aLatifi, Fortesa, ‡eauthor.
24510. ‡aLike, follow, subscribe : ‡binfluencer kids and the cost of a childhood online / ‡cFortesa Latifi.
24630. ‡aInfluencer kids and the cost of a childhood online
250 . ‡aFirst Gallery Books hardcover edition
264 1. ‡aNew York : ‡bGallery Books, ‡c2026
264 4. ‡c©2026
300 . ‡axii, 274 pages ; ‡c24 cm
336 . ‡atext ‡btxt ‡2rdacontent
337 . ‡aunmediated ‡bn ‡2rdamedia
338 . ‡avolume ‡bnc ‡2rdacarrier
520 . ‡a"A searing investigation into the child influencer industry and the perils of childhood internet fame, Like, Follow, Subscribe is essential reading for anyone seeking to understand the costs of internet fame, and the ethics of online content."--Publisher.
520 . ‡aIn Like, Follow, Subscribe, journalist Fortesa Latifi investigates the child influencer industry and the impact of social media exposure on children and families. The book examines topics including online privacy, monetized family content, labor protections, financial exploitation, and the psychological effects of internet fame. Drawing on interviews with researchers, mental health professionals, former child influencers, and family vloggers, the author discusses the ethical and regulatory challenges associated with children's participation in digital media.
50500. ‡gIntroduction -- ‡g1. ‡tDear diary, meet the algorithm : how mommy bloggers paved the way -- ‡g2. ‡tA filtered life : fame, family, and clickbait -- ‡g3. ‡tPrivacy for sale : monetizing everyday intimacies -- ‡g4. ‡tWhen the cameras don't stop : meltdowns, mistakes, and crossing moral lines -- ‡g5. ‡tFilters, feeds, and first steps : the TikTok teen mom hustle -- ‡g6. ‡tCurated childhoods : the parents behind the posts -- ‡g7. ‡tBless this brand : Mormon influencers, trad wives, and the invisible labor of motherhood -- ‡g8. ‡tFrom content to consent: the parents who changed their minds -- ‡g9. ‡tImaginary friends : model mothers and the cure for loneliness -- ‡g10. ‡tFrom love to hate : former fans, parasocial relationships, and the rise of snark communities -- ‡g11. ‡tBaby's first sponsorship : the economics of influence -- ‡g12. ‡tThe wrong kind of attention : online predators and invisible threats -- ‡g13. ‡tLights, camera, legislation: regulating family vlogging -- ‡gConclusion -- ‡gAcknowledgments -- ‡gNotes -- ‡gIndex..
504 . ‡aIncludes bibliographical references (pages 247-265) and index.
650 0. ‡aChild labor. ‡0(LARL_NWRL_CONSORTIUM)16356
650 0. ‡aFame ‡xSocial aspects. ‡0(LARL_NWRL_CONSORTIUM)163975
650 0. ‡aInternet and children. ‡0(LARL_NWRL_CONSORTIUM)40619
650 0. ‡aInternet personalities.
650 0. ‡aParental influences. ‡0(LARL_NWRL_CONSORTIUM)37570
650 0. ‡aSocial media. ‡0(LARL_NWRL_CONSORTIUM)162675
650 0. ‡aVloggers.
650 0. ‡aBloggers.
650 1. ‡aChild rearing. ‡0(LARL_NWRL_CONSORTIUM)16332
650 1. ‡aInternet personalities.
650 1. ‡aParenting. ‡0(LARL_NWRL_CONSORTIUM)27607
650 1. ‡aSocial media. ‡0(LARL_NWRL_CONSORTIUM)162675
650 7. ‡asocial media. ‡2aat ‡0(LARL_NWRL_CONSORTIUM)162675
650 7. ‡aFAMILY & RELATIONSHIPS / Dysfunctional Families. ‡2bisacsh
650 7. ‡aSOCIAL SCIENCE / Popular Culture. ‡2bisacsh
650 7. ‡aTECHNOLOGY & ENGINEERING / Social Aspects. ‡2bisacsh
650 7. ‡aInternet personalities. ‡2sears
650 7. ‡aChild rearing. ‡2sears ‡0(LARL_NWRL_CONSORTIUM)16332
650 7. ‡aParenting. ‡2sears ‡0(LARL_NWRL_CONSORTIUM)27607
655 0. ‡aInformational works.
655 7. ‡aInformational works. ‡2lcgft
7102 . ‡aGallery Books (New York, N.Y.), ‡epublisher.
901 . ‡a486134 ‡bOCoLC ‡c486134 ‡tbiblio ‡sIngram On-Order

Additional Resources